00829nam a22002177a 4500999001900000005001700019010001300036020001800049035001300067037000900080082001000089100002100099245013500120260003900255270004200294300002500336490004400361500005000405942002400455952013200479 c179151d17915120210524162911.0 aB-739935 a9788125053453 aB-739935 bGift a954.8 aJorgensen, Helle00aTranquebar-whose history?:btransnational cultural heritage in a former Danish trading colony in South India /cby Helle Jorgensen aNew DelhibOrient Blackswan c2014 a1/24 Asaf Ali RoadbNew Delhie110002 aviii,356p.c22cm(Hb) aNew perspectives in south asian history aIncludes bibliographical references and index 2ddccENmJORh954.8 001040708NFICaAVbAVd2021-05-24eGift/Eng/03-05-2021l0o954.8 JORpB-739935r2021-05-24 00:00:00t1w2021-05-24yENzGift